000
00337nam a2200133Ia 4500
008
240624s9999 xx 000 0 und d
041
_a
eng
082
_a
330 KRU
100
_a
KRUGMAN PAUL
245
_a
PEDDLING PROSPERITY ECONOMIC SENSE AND N
260
_c
1995
_a
New York
_b
W W Norton & Company
300
_a
320 : p.
365
_c
_b
25
999
_c
21115
_d
21115